[Event "DVM U16 2016"]
[Site "Neumarkt in der Oberpfalz GER"]
[Date "2016.12.28"]
[Round "3"]
[White "Ovsepyan, Arshak"]
[Black "Oberhofer, Cédric"]
[Result "1/2-1/2"]
[Termination "normal"]
[Board "1.1"]
[WhiteElo "2205"]
[BlackElo "2226"]
[WhiteClock "00:30:10"]
[BlackClock "00:10:03"]
[WhiteTeam "SK Gräfelfing"]
[BlackTeam "SC Bavaria Regensburg"]
[PlyCount "115"]
[WhiteFideId "24690236"]
[BlackFideId "12941220"]
[EventCountry "GER"]
[EventRounds "7"]
[EventType "team-swiss"]
[EventDate "2016.12.26"]

1. d4 {[%clk 1:30:50]} Nf6 {[%clk 1:30:54]} 2. c4 {[%clk 1:31:13]} c5 {[%clk
1:31:20]} 3. e3 {[%clk 1:30:22]} g6 {[%clk 1:29:46]} 4. Nc3 {[%clk 1:30:05]}
Bg7 {[%clk 1:27:42]} 5. Nf3 {[%clk 1:29:58]} O-O {[%clk 1:26:54]} 6. Qb3 {[%clk
1:27:21]} d6 {[%clk 1:17:41]} 7. Be2 {[%clk 1:25:32]} Qb6 {[%clk 1:14:43]} 8.
Qxb6 {[%clk 1:08:32]} axb6 {[%clk 1:15:11]} 9. b3 {[%clk 1:08:55]} Bf5 {[%clk
1:05:29]} 10. Bb2 {[%clk 1:08:41]} Nc6 {[%clk 1:03:35]} 11. O-O {[%clk
1:08:58]} Nb4 {[%clk 0:53:54]} 12. Ne1 {[%clk 1:04:49]} d5 {[%clk 0:41:25]} 13.
a3 {[%clk 1:01:05]} cxd4 {[%clk 0:38:01]} 14. exd4 {[%clk 0:57:11]} Nc2 {[%clk
0:37:28]} 15. Nxc2 {[%clk 0:57:17]} Bxc2 {[%clk 0:37:56]} 16. b4 {[%clk
0:56:55]} Bb3 {[%clk 0:34:26]} 17. c5 {[%clk 0:51:33]} bxc5 {[%clk 0:34:09]}
18. bxc5 {[%clk 0:51:55]} Rfc8 {[%clk 0:28:24]} 19. a4 {[%clk 0:40:15]} Ne4
{[%clk 0:24:25]} 20. Nxe4 {[%clk 0:38:42]} dxe4 {[%clk 0:24:53]} 21. Ra3 {[%clk
0:39:01]} Bd5 {[%clk 0:25:03]} 22. Rc1 {[%clk 0:36:01]} Rd8 {[%clk 0:24:05]}
23. a5 {[%clk 0:26:29]} Bc6 {[%clk 0:19:05]} 24. Rd1 {[%clk 0:26:06]} Bd5
{[%clk 0:16:34]} 25. Rda1 {[%clk 0:21:27]} Rdb8 {[%clk 0:13:29]} 26. Ra4 {[%clk
0:17:32]} e6 {[%clk 0:12:55]} 27. Bc3 {[%clk 0:16:53]} Rc8 {[%clk 0:10:15]} 28.
Bc4 {[%clk 0:14:16]} Bc6 {[%clk 0:07:56]} 29. Rb4 {[%clk 0:14:24]} Rd8 {[%clk
0:08:18]} 30. Be2 {[%clk 0:12:57]} h6 {[%clk 0:05:48]} 31. h3 {[%clk 0:12:57]}
e5 {[%clk 0:05:51]} 32. dxe5 {[%clk 0:09:00]} Bf8 {[%clk 0:05:44]} 33. Rc4
{[%clk 0:05:35]} Bd5 {[%clk 0:05:19]} 34. Rb4 {[%clk 0:04:48]} Bxc5 {[%clk
0:05:26]} 35. Rb5 {[%clk 0:05:15]} Bf8 {[%clk 0:05:38]} 36. Rb6 {[%clk
0:04:58]} Bc5 {[%clk 0:04:52]} 37. Rb5 {[%clk 0:04:57]} Bf8 {[%clk 0:05:14]}
38. Bb4 {[%clk 0:05:14]} Bc6 {[%clk 0:04:09]} 39. Rb6 {[%clk 0:05:38]} Bxb4
{[%clk 0:03:45]} 40. Rxb4 {[%clk 0:06:07]} Rd5 {[%clk 0:01:23]} 41. a6 {[%clk
0:03:51]} Rxe5 {[%clk 0:21:35]} 42. Rb6 {[%clk 0:32:51]} Rc5 {[%clk 0:21:59]}
43. a7 {[%clk 0:31:55]} Kf8 {[%clk 0:21:38]} 44. Ra3 {[%clk 0:30:22]} Ke7
{[%clk 0:20:55]} 45. f3 {[%clk 0:30:48]} f5 {[%clk 0:18:55]} 46. fxe4 {[%clk
0:30:31]} fxe4 {[%clk 0:19:07]} 47. Kf2 {[%clk 0:30:57]} Kd8 {[%clk 0:19:15]}
48. Ke3 {[%clk 0:31:23]} Kc7 {[%clk 0:19:39]} 49. Rb1 {[%clk 0:31:50]} b6
{[%clk 0:17:06]} 50. Rf1 {[%clk 0:31:38]} Rf5 {[%clk 0:15:52]} 51. Rc1 {[%clk
0:31:05]} Rc5 {[%clk 0:15:47]} 52. Rd1 {[%clk 0:31:08]} Ra5 {[%clk 0:13:25]}
53. Rc3 {[%clk 0:29:25]} R8xa7 {[%clk 0:13:37]} 54. Rf1 {[%clk 0:29:51]} Ra3
{[%clk 0:10:33]} 55. Rf7+ {[%clk 0:30:13]} Kb8 {[%clk 0:11:02]} 56. Rxa3 {[%clk
0:29:43]} Rxa3+ {[%clk 0:11:28]} 57. Kd4 {[%clk 0:30:10]} Rg3 {[%clk 0:10:03]}
58. Rf6 1/2-1/2

[Event "DVM U16 2016"]
[Site "Neumarkt in der Oberpfalz GER"]
[Date "2016.12.28"]
[Round "3"]
[White "Dechant, Georg"]
[Black "von Schlippe, Nikolai"]
[Result "1-0"]
[Termination "normal"]
[Board "1.2"]
[WhiteElo "2005"]
[BlackElo "2114"]
[WhiteClock "00:22:44"]
[BlackClock "00:16:52"]
[WhiteTeam "SC Bavaria Regensburg"]
[BlackTeam "SK Gräfelfing"]
[PlyCount "55"]
[WhiteFideId "12956716"]
[BlackFideId "12928135"]
[EventCountry "GER"]
[EventRounds "7"]
[EventType "team-swiss"]
[EventDate "2016.12.26"]

1. e4 {[%clk 1:30:58]} e5 {[%clk 1:30:06]} 2. Nf3 {[%clk 1:31:22]} Nc6 {[%clk
1:30:32]} 3. Bb5 {[%clk 1:31:47]} a6 {[%clk 1:30:41]} 4. Ba4 {[%clk 1:32:11]}
Nf6 {[%clk 1:30:38]} 5. O-O {[%clk 1:32:33]} b5 {[%clk 1:30:15]} 6. Bb3 {[%clk
1:32:57]} Be7 {[%clk 1:30:40]} 7. Re1 {[%clk 1:33:22]} O-O {[%clk 1:31:04]} 8.
d3 {[%clk 1:33:49]} d6 {[%clk 1:26:59]} 9. c3 {[%clk 1:33:04]} Bg4 {[%clk
1:25:46]} 10. h3 {[%clk 1:33:03]} Bh5 {[%clk 1:26:12]} 11. Nbd2 {[%clk
1:33:23]} Nd7 {[%clk 1:14:45]} 12. Bd5 {[%clk 1:31:41]} Ndb8 {[%clk 1:10:39]}
13. Nf1 {[%clk 1:30:30]} Qd7 {[%clk 1:03:39]} 14. Ng3 {[%clk 1:29:14]} Bg6
{[%clk 1:04:00]} 15. d4 {[%clk 1:23:42]} Bf6 {[%clk 1:00:16]} 16. Be3 {[%clk
1:14:12]} Qc8 {[%clk 0:50:01]} 17. Qc1 {[%clk 1:04:35]} Kh8 {[%clk 0:44:05]}
18. a4 {[%clk 0:47:45]} Qb7 {[%clk 0:36:37]} 19. h4 {[%clk 0:47:34]} h5 {[%clk
0:32:09]} 20. dxe5 {[%clk 0:36:30]} Bxe5 {[%clk 0:28:45]} 21. Nxe5 {[%clk
0:36:51]} dxe5 {[%clk 0:29:01]} 22. Bc5 {[%clk 0:36:20]} Re8 {[%clk 0:27:49]}
23. Qd1 {[%clk 0:33:31]} Rd8 {[%clk 0:18:19]} 24. Nxh5 {[%clk 0:31:08]} Nd7
{[%clk 0:18:27]} 25. Qg4 {[%clk 0:24:30]} Rf8 {[%clk 0:16:23]} 26. Bxf8 {[%clk
0:24:45]} Nxf8 {[%clk 0:16:38]} 27. Bxf7 {[%clk 0:22:56]} Ne7 {[%clk 0:16:52]}
28. Qg5 {[%clk 0:22:44]} 1-0

[Event "DVM U16 2016"]
[Site "Neumarkt in der Oberpfalz GER"]
[Date "2016.12.28"]
[Round "3"]
[White "Longo, Massimo"]
[Black "Sammet, Dominik"]
[Result "1/2-1/2"]
[Termination "normal"]
[Board "1.3"]
[WhiteElo "1919"]
[BlackElo "1696"]
[WhiteClock "00:28:21"]
[BlackClock "00:45:41"]
[WhiteTeam "SK Gräfelfing"]
[BlackTeam "SC Bavaria Regensburg"]
[PlyCount "107"]
[WhiteFideId "16205227"]
[BlackFideId "12987875"]
[EventCountry "GER"]
[EventRounds "7"]
[EventType "team-swiss"]
[EventDate "2016.12.26"]

1. d4 {[%clk 1:30:56]} Nf6 {[%clk 1:30:47]} 2. Nf3 {[%clk 1:31:20]} c5 {[%clk
1:30:30]} 3. d5 {[%clk 1:30:59]} e6 {[%clk 1:29:57]} 4. c4 {[%clk 1:25:15]}
exd5 {[%clk 1:28:34]} 5. cxd5 {[%clk 1:25:35]} d6 {[%clk 1:28:27]} 6. Nc3
{[%clk 1:24:31]} g6 {[%clk 1:27:45]} 7. Bg5 {[%clk 1:20:45]} Bg7 {[%clk
1:26:00]} 8. e3 {[%clk 1:11:35]} O-O {[%clk 1:23:16]} 9. Bd3 {[%clk 1:09:01]}
Bg4 {[%clk 1:20:10]} 10. Qc2 {[%clk 1:07:41]} Na6 {[%clk 1:16:33]} 11. a3
{[%clk 0:59:32]} Nc7 {[%clk 1:16:41]} 12. h3 {[%clk 0:55:35]} Bxf3 {[%clk
1:16:16]} 13. gxf3 {[%clk 0:55:58]} b5 {[%clk 1:15:55]} 14. Bxb5 {[%clk
0:47:26]} Nxb5 {[%clk 1:16:13]} 15. Nxb5 {[%clk 0:47:49]} Qa5+ {[%clk 1:16:31]}
16. Qc3 {[%clk 0:48:10]} Qxb5 {[%clk 1:15:00]} 17. Bxf6 {[%clk 0:47:56]} Bxf6
{[%clk 1:10:40]} 18. Qxf6 {[%clk 0:48:15]} c4 {[%clk 1:09:43]} 19. O-O {[%clk
0:46:19]} Qxd5 {[%clk 1:08:09]} 20. Rad1 {[%clk 0:44:38]} Qh5 {[%clk 1:05:57]}
21. Rxd6 {[%clk 0:39:51]} Qxh3 {[%clk 1:05:49]} 22. Rfd1 {[%clk 0:38:12]} Qh5
{[%clk 1:02:38]} 23. R1d5 {[%clk 0:35:46]} Qh6 {[%clk 1:01:16]} 24. Rc6 {[%clk
0:29:43]} Rac8 {[%clk 0:57:57]} 25. Ra6 {[%clk 0:24:54]} Rc7 {[%clk 0:56:35]}
26. Rd8 {[%clk 0:22:32]} Qg7 {[%clk 0:55:41]} 27. Rxf8+ {[%clk 0:19:20]} Qxf8
{[%clk 0:56:03]} 28. Rd6 {[%clk 0:19:05]} Rc8 {[%clk 0:54:54]} 29. Rd7 {[%clk
0:16:43]} a5 {[%clk 0:52:52]} 30. Qa6 {[%clk 0:13:23]} Qc5 {[%clk 0:47:40]} 31.
Qb7 {[%clk 0:12:24]} Qg5+ {[%clk 0:45:32]} 32. Kf1 {[%clk 0:12:33]} Rf8 {[%clk
0:44:52]} 33. Rd5 {[%clk 0:10:43]} Qh4 {[%clk 0:43:17]} 34. Kg2 {[%clk
0:09:58]} Rd8 {[%clk 0:41:44]} 35. Rxa5 {[%clk 0:03:46]} Rd2 {[%clk 0:41:56]}
36. Qb8+ {[%clk 0:03:57]} Kg7 {[%clk 0:42:11]} 37. Qe5+ {[%clk 0:02:20]} Kh6
{[%clk 0:42:30]} 38. Qg3 {[%clk 0:02:15]} Qxg3+ {[%clk 0:42:54]} 39. Kxg3
{[%clk 0:02:36]} Rxb2 {[%clk 0:43:19]} 40. Rc5 {[%clk 0:02:37]} Ra2 {[%clk
0:42:46]} 41. Rxc4 {[%clk 0:02:59]} Rxa3 {[%clk 0:43:09]} 42. f4 {[%clk
0:02:57]} f5 {[%clk 0:38:14]} 43. Rc7 {[%clk 0:02:49]} Rd3 {[%clk 0:35:34]} 44.
Re7 {[%clk 0:03:00]} Rd8 {[%clk 0:21:54]} 45. f3 {[%clk 0:02:59]} Rg8 {[%clk
0:21:27]} 46. Kh4 {[%clk 0:02:25]} Rg7 {[%clk 0:20:58]} 47. Re6 {[%clk
0:01:38]} Rf7 {[%clk 0:20:19]} 48. Kg3 {[%clk 0:01:10]} Kg7 {[%clk 0:18:16]}
49. e4 {[%clk 0:01:18]} Rf6 {[%clk 0:18:00]} 50. Re8 {[%clk 0:00:40]} Rf8
{[%clk 0:14:33]} 51. Rxf8 {[%clk 0:27:21]} Kxf8 {[%clk 0:44:56]} 52. exf5
{[%clk 0:27:49]} gxf5 {[%clk 0:45:21]} 53. Kh4 {[%clk 0:28:03]} h6 {[%clk
0:45:41]} 54. Kh5 {[%clk 0:28:21]} 1/2-1/2

[Event "DVM U16 2016"]
[Site "Neumarkt in der Oberpfalz GER"]
[Date "2016.12.28"]
[Round "3"]
[White "Oberhofer, Marie"]
[Black "Yaroshenko, Yaroslav"]
[Result "1/2-1/2"]
[Termination "normal"]
[Board "1.4"]
[WhiteElo "1618"]
[BlackElo "1684"]
[WhiteClock "00:07:33"]
[BlackClock "00:09:46"]
[WhiteTeam "SC Bavaria Regensburg"]
[BlackTeam "SK Gräfelfing"]
[PlyCount "64"]
[WhiteFideId "12938165"]
[BlackFideId "16204905"]
[EventCountry "GER"]
[EventRounds "7"]
[EventType "team-swiss"]
[EventDate "2016.12.26"]

1. e4 {[%clk 1:30:58]} e5 {[%clk 1:30:57]} 2. Nf3 {[%clk 1:31:23]} Nc6 {[%clk
1:31:23]} 3. Bb5 {[%clk 1:31:45]} a6 {[%clk 1:31:47]} 4. Ba4 {[%clk 1:32:11]}
Nf6 {[%clk 1:32:11]} 5. O-O {[%clk 1:32:30]} Nxe4 {[%clk 1:32:30]} 6. d4 {[%clk
1:32:05]} Nd6 {[%clk 1:24:37]} 7. Bxc6 {[%clk 1:22:09]} dxc6 {[%clk 1:23:09]}
8. Nxe5 {[%clk 1:22:08]} Be6 {[%clk 1:20:59]} 9. Nc3 {[%clk 1:19:33]} Be7
{[%clk 1:18:41]} 10. Re1 {[%clk 1:15:33]} O-O {[%clk 1:13:50]} 11. d5 {[%clk
1:08:15]} cxd5 {[%clk 1:11:53]} 12. Nxd5 {[%clk 1:08:37]} Bf6 {[%clk 1:09:36]}
13. Nxf6+ {[%clk 1:05:07]} Qxf6 {[%clk 1:08:48]} 14. Bd2 {[%clk 1:01:42]} Rad8
{[%clk 1:05:39]} 15. Qf3 {[%clk 0:45:51]} Qxf3 {[%clk 1:02:52]} 16. Nxf3 {[%clk
0:45:54]} Rfe8 {[%clk 1:01:26]} 17. Nd4 {[%clk 0:40:05]} Bd5 {[%clk 0:59:29]}
18. Bb4 {[%clk 0:33:44]} Nc8 {[%clk 0:48:55]} 19. Rxe8+ {[%clk 0:26:19]} Rxe8
{[%clk 0:48:56]} 20. a3 {[%clk 0:23:45]} g6 {[%clk 0:46:47]} 21. Re1 {[%clk
0:23:39]} Rxe1+ {[%clk 0:46:28]} 22. Bxe1 {[%clk 0:24:05]} Nd6 {[%clk 0:45:20]}
23. b3 {[%clk 0:21:10]} f5 {[%clk 0:41:37]} 24. g3 {[%clk 0:20:49]} c5 {[%clk
0:30:30]} 25. Ne2 {[%clk 0:20:22]} c4 {[%clk 0:22:33]} 26. b4 {[%clk 0:18:21]}
b5 {[%clk 0:21:57]} 27. Nf4 {[%clk 0:17:16]} Bf7 {[%clk 0:20:56]} 28. Kf1
{[%clk 0:16:14]} Nc8 {[%clk 0:15:04]} 29. Ke2 {[%clk 0:15:06]} Ne7 {[%clk
0:14:40]} 30. Ke3 {[%clk 0:14:40]} Nc6 {[%clk 0:15:00]} 31. Ne2 {[%clk
0:12:57]} Bd5 {[%clk 0:09:47]} 32. Kf4 {[%clk 0:07:33]} Kf7 {[%clk 0:09:46]}
1/2-1/2

[Event "DVM U16 2016"]
[Site "Neumarkt in der Oberpfalz GER"]
[Date "2016.12.28"]
[Round "3"]
[White "Kreyssig, Bruno"]
[Black "Schnabel, Bennett"]
[Result "0-1"]
[Termination "normal"]
[Board "2.1"]
[WhiteElo "2165"]
[BlackElo "2043"]
[WhiteClock "00:01:00"]
[BlackClock "00:04:58"]
[WhiteTeam "SG Leipzig"]
[BlackTeam "SV Mattnetz Berlin"]
[PlyCount "70"]
[WhiteFideId "4692489"]
[BlackFideId "12943290"]
[EventCountry "GER"]
[EventRounds "7"]
[EventType "team-swiss"]
[EventDate "2016.12.26"]

1. e4 {[%clk 1:30:58]} c5 {[%clk 1:30:45]} 2. Nf3 {[%clk 1:31:22]} d6 {[%clk
1:31:07]} 3. d4 {[%clk 1:31:44]} cxd4 {[%clk 1:31:31]} 4. Nxd4 {[%clk 1:32:09]}
Nf6 {[%clk 1:31:52]} 5. Nc3 {[%clk 1:32:31]} g6 {[%clk 1:32:17]} 6. Be3 {[%clk
1:32:51]} a6 {[%clk 1:32:30]} 7. f3 {[%clk 1:32:31]} Bg7 {[%clk 1:32:53]} 8.
Qd2 {[%clk 1:29:27]} h5 {[%clk 1:33:12]} 9. Nd5 {[%clk 1:19:59]} Nbd7 {[%clk
1:24:52]} 10. c4 {[%clk 1:19:21]} h4 {[%clk 1:13:09]} 11. Bg5 {[%clk 1:06:12]}
Rh5 {[%clk 1:07:36]} 12. Be3 {[%clk 0:48:28]} Nc5 {[%clk 0:52:21]} 13. Be2
{[%clk 0:41:59]} Bd7 {[%clk 0:43:40]} 14. O-O {[%clk 0:31:34]} Rb8 {[%clk
0:31:50]} 15. Rac1 {[%clk 0:24:27]} e5 {[%clk 0:26:28]} 16. Nc2 {[%clk
0:23:19]} Nxd5 {[%clk 0:25:12]} 17. cxd5 {[%clk 0:15:50]} f5 {[%clk 0:23:41]}
18. b4 {[%clk 0:12:33]} f4 {[%clk 0:23:03]} 19. Bxc5 {[%clk 0:12:41]} dxc5
{[%clk 0:23:27]} 20. bxc5 {[%clk 0:10:18]} h3 {[%clk 0:23:34]} 21. gxh3 {[%clk
0:09:33]} Bxh3 {[%clk 0:15:41]} 22. Rf2 {[%clk 0:10:02]} Bf6 {[%clk 0:11:31]}
23. Bf1 {[%clk 0:08:24]} Bh4 {[%clk 0:11:38]} 24. Re2 {[%clk 0:08:53]} Qg5+
{[%clk 0:11:47]} 25. Kh1 {[%clk 0:09:22]} Bg3 {[%clk 0:09:58]} 26. Bxh3 {[%clk
0:03:47]} Rxh3 {[%clk 0:10:26]} 27. c6 {[%clk 0:03:35]} Qh5 {[%clk 0:10:32]}
28. c7 {[%clk 0:02:08]} Qxf3+ {[%clk 0:10:45]} 29. Kg1 {[%clk 0:02:38]} Rc8
{[%clk 0:09:08]} 30. d6 {[%clk 0:03:07]} Kd7 {[%clk 0:08:48]} 31. Rf1 {[%clk
0:01:15]} Qg4 {[%clk 0:08:26]} 32. hxg3 {[%clk 0:00:38]} f3 {[%clk 0:04:27]}
33. Rxf3 Qxf3 {[%clk 0:04:55]} 34. Rh2 {[%clk 0:00:31]} Rxg3+ {[%clk 0:04:58]}
35. Rg2 {[%clk 0:01:00]} Qxg2+ 0-1

[Event "DVM U16 2016"]
[Site "Neumarkt in der Oberpfalz GER"]
[Date "2016.12.28"]
[Round "3"]
[White "Hesse, Henrik"]
[Black "Halas, Julia"]
[Result "1-0"]
[Termination "normal"]
[Board "2.2"]
[WhiteElo "1932"]
[BlackElo "1839"]
[WhiteClock "00:08:12"]
[BlackClock "00:00:41"]
[WhiteTeam "SV Mattnetz Berlin"]
[BlackTeam "SG Leipzig"]
[PlyCount "57"]
[WhiteFideId "12952060"]
[BlackFideId "12931810"]
[EventCountry "GER"]
[EventRounds "7"]
[EventType "team-swiss"]
[EventDate "2016.12.26"]

1. d4 {[%clk 1:30:51]} Nf6 {[%clk 1:30:54]} 2. c4 {[%clk 1:31:14]} g6 {[%clk
1:31:18]} 3. Nc3 {[%clk 1:31:39]} Bg7 {[%clk 1:31:42]} 4. e4 {[%clk 1:32:01]}
d6 {[%clk 1:32:07]} 5. Nf3 {[%clk 1:32:12]} O-O {[%clk 1:32:24]} 6. Be2 {[%clk
1:32:37]} Nc6 {[%clk 1:32:42]} 7. O-O {[%clk 1:32:58]} e5 {[%clk 1:33:07]} 8.
d5 {[%clk 1:28:34]} Ne7 {[%clk 1:33:27]} 9. b4 {[%clk 1:28:20]} Nd7 {[%clk
1:33:03]} 10. Ne1 {[%clk 1:25:49]} a5 {[%clk 1:21:49]} 11. Ba3 {[%clk 1:24:25]}
axb4 {[%clk 1:19:06]} 12. Bxb4 {[%clk 1:24:46]} f5 {[%clk 1:18:20]} 13. f3
{[%clk 1:25:09]} c5 {[%clk 0:48:16]} 14. dxc6 {[%clk 1:25:27]} Qb6+ {[%clk
0:48:39]} 15. Kh1 {[%clk 1:18:27]} Qxb4 {[%clk 0:48:06]} 16. Nd5 {[%clk
1:18:15]} Nxd5 {[%clk 0:47:05]} 17. Qxd5+ {[%clk 1:18:04]} Rf7 {[%clk 0:29:24]}
18. cxd7 {[%clk 1:02:00]} Bxd7 {[%clk 0:29:35]} 19. Nd3 {[%clk 0:46:11]} Qd2
{[%clk 0:22:25]} 20. Qxb7 {[%clk 0:45:19]} Rxa2 {[%clk 0:22:08]} 21. Rxa2
{[%clk 0:40:55]} Qxa2 {[%clk 0:22:24]} 22. Nc1 {[%clk 0:35:17]} Qa3 {[%clk
0:18:18]} 23. Qd5 {[%clk 0:31:07]} Bh6 {[%clk 0:14:01]} 24. c5 {[%clk 0:13:55]}
Kg7 {[%clk 0:07:43]} 25. Bc4 {[%clk 0:11:53]} Be8 {[%clk 0:02:56]} 26. cxd6
{[%clk 0:10:59]} Qc3 {[%clk 0:01:29]} 27. Ne2 {[%clk 0:07:56]} Qd2 {[%clk
0:01:00]} 28. Qxe5+ {[%clk 0:08:12]} Kf8 {[%clk 0:00:41]} 29. Qh8# 1-0

[Event "DVM U16 2016"]
[Site "Neumarkt in der Oberpfalz GER"]
[Date "2016.12.28"]
[Round "3"]
[White "Hofmann, Timo"]
[Black "Acikel, Mert"]
[Result "1/2-1/2"]
[Termination "normal"]
[Board "2.3"]
[WhiteElo "1858"]
[BlackElo "1902"]
[WhiteClock "00:11:14"]
[BlackClock "00:31:49"]
[WhiteTeam "SG Leipzig"]
[BlackTeam "SV Mattnetz Berlin"]
[PlyCount "91"]
[WhiteFideId "12946044"]
[BlackFideId "12956465"]
[EventCountry "GER"]
[EventRounds "7"]
[EventType "team-swiss"]
[EventDate "2016.12.26"]

1. d4 {[%clk 1:30:58]} d5 {[%clk 1:30:48]} 2. c4 {[%clk 1:31:23]} e6 {[%clk
1:31:12]} 3. Nc3 {[%clk 1:31:48]} Nf6 {[%clk 1:31:34]} 4. cxd5 {[%clk 1:32:13]}
exd5 {[%clk 1:31:59]} 5. Bg5 {[%clk 1:32:38]} Be7 {[%clk 1:32:13]} 6. e3 {[%clk
1:33:00]} c6 {[%clk 1:32:29]} 7. Bd3 {[%clk 1:33:26]} O-O {[%clk 1:32:51]} 8.
Qc2 {[%clk 1:33:52]} Nbd7 {[%clk 1:33:12]} 9. Nge2 {[%clk 1:34:07]} Re8 {[%clk
1:33:24]} 10. O-O {[%clk 1:34:27]} Nf8 {[%clk 1:33:46]} 11. f3 {[%clk 1:34:50]}
Be6 {[%clk 1:34:04]} 12. Rae1 {[%clk 1:35:14]} Rc8 {[%clk 1:33:53]} 13. Kh1
{[%clk 1:35:33]} N6d7 {[%clk 1:18:07]} 14. Bxe7 {[%clk 1:35:43]} Qxe7 {[%clk
1:18:14]} 15. Ng3 {[%clk 1:35:07]} c5 {[%clk 1:15:35]} 16. Qf2 {[%clk 1:33:42]}
Qd6 {[%clk 0:53:06]} 17. f4 {[%clk 1:31:00]} f6 {[%clk 0:52:41]} 18. e4 {[%clk
1:26:49]} dxe4 {[%clk 0:50:43]} 19. Ncxe4 {[%clk 1:26:08]} Qb6 {[%clk 0:49:47]}
20. dxc5 {[%clk 1:12:02]} Nxc5 {[%clk 0:50:08]} 21. Nxc5 {[%clk 1:12:14]} Qxc5
{[%clk 0:49:39]} 22. Qxc5 {[%clk 1:11:56]} Rxc5 {[%clk 0:50:08]} 23. Ne4 {[%clk
1:07:56]} Rd5 {[%clk 0:48:12]} 24. Bb1 {[%clk 1:01:01]} Red8 {[%clk 0:46:11]}
25. f5 {[%clk 0:52:30]} Bd7 {[%clk 0:45:13]} 26. a3 {[%clk 0:52:15]} Kh8 {[%clk
0:45:26]} 27. Ng3 {[%clk 0:49:53]} Bb5 {[%clk 0:45:15]} 28. Rf4 {[%clk
0:46:52]} Rd1 {[%clk 0:42:45]} 29. Rfe4 {[%clk 0:46:26]} R8d2 {[%clk 0:42:56]}
30. a4 {[%clk 0:42:11]} Bc6 {[%clk 0:43:15]} 31. R4e2 {[%clk 0:41:07]} Rxe1+
{[%clk 0:43:36]} 32. Rxe1 {[%clk 0:41:25]} Rxg2 {[%clk 0:43:00]} 33. Be4 {[%clk
0:39:07]} Bxe4 {[%clk 0:43:26]} 34. Rxe4 {[%clk 0:39:02]} Rxb2 {[%clk 0:42:55]}
35. Re7 {[%clk 0:38:26]} Rb4 {[%clk 0:40:13]} 36. Nh5 {[%clk 0:36:53]} Rd4
{[%clk 0:39:10]} 37. Rf7 {[%clk 0:33:46]} Rd8 {[%clk 0:34:52]} 38. Rxg7 {[%clk
0:28:25]} Rd7 {[%clk 0:35:09]} 39. Rg3 {[%clk 0:26:52]} Rf7 {[%clk 0:35:20]}
40. Re3 {[%clk 0:24:58]} Rc7 {[%clk 0:31:56]} 41. Kg2 {[%clk 0:17:43]} Kg8
{[%clk 0:30:20]} 42. Rg3+ {[%clk 0:16:53]} Kh8 {[%clk 0:30:48]} 43. Nxf6 {[%clk
0:14:03]} Rg7 {[%clk 0:31:17]} 44. Kf3 {[%clk 0:13:26]} Rxg3+ {[%clk 0:31:36]}
45. hxg3 {[%clk 0:12:57]} Kg7 {[%clk 0:31:49]} 46. Ne4 {[%clk 0:11:14]} 1/2-1/2

[Event "DVM U16 2016"]
[Site "Neumarkt in der Oberpfalz GER"]
[Date "2016.12.28"]
[Round "3"]
[White "Petersen, Marcel"]
[Black "Knüpfer, Tim"]
[Result "0-1"]
[Termination "normal"]
[Board "2.4"]
[WhiteElo "1638"]
[BlackElo "1753"]
[WhiteClock "00:56:15"]
[BlackClock "00:19:08"]
[WhiteTeam "SV Mattnetz Berlin"]
[BlackTeam "SG Leipzig"]
[PlyCount "90"]
[WhiteFideId "12935670"]
[BlackFideId "16217489"]
[EventCountry "GER"]
[EventRounds "7"]
[EventType "team-swiss"]
[EventDate "2016.12.26"]

1. e4 {[%clk 1:30:53]} c5 {[%clk 1:30:57]} 2. Nf3 {[%clk 1:31:19]} d6 {[%clk
1:31:25]} 3. d4 {[%clk 1:31:44]} cxd4 {[%clk 1:31:53]} 4. Nxd4 {[%clk 1:32:08]}
Nf6 {[%clk 1:32:21]} 5. Nc3 {[%clk 1:32:34]} g6 {[%clk 1:32:49]} 6. Be3 {[%clk
1:32:49]} Bg7 {[%clk 1:33:16]} 7. Bc4 {[%clk 1:33:10]} O-O {[%clk 1:33:37]} 8.
Bb3 {[%clk 1:33:37]} Nc6 {[%clk 1:34:00]} 9. f3 {[%clk 1:34:00]} Bd7 {[%clk
1:34:04]} 10. Qd2 {[%clk 1:33:23]} Rb8 {[%clk 1:33:39]} 11. Nxc6 {[%clk
1:33:34]} bxc6 {[%clk 1:34:05]} 12. Bxa7 {[%clk 1:33:24]} Ra8 {[%clk 1:32:10]}
13. Be3 {[%clk 1:33:41]} Qc7 {[%clk 1:29:56]} 14. Bh6 {[%clk 1:32:21]} c5
{[%clk 1:25:19]} 15. Bxg7 {[%clk 1:31:41]} Kxg7 {[%clk 1:25:45]} 16. Nd5 {[%clk
1:31:55]} Nxd5 {[%clk 1:24:37]} 17. Bxd5 {[%clk 1:32:13]} Ra7 {[%clk 1:20:24]}
18. g4 {[%clk 1:31:04]} Bb5 {[%clk 1:15:32]} 19. h4 {[%clk 1:27:38]} e6 {[%clk
0:52:59]} 20. Qc3+ {[%clk 1:27:58]} Kg8 {[%clk 0:53:26]} 21. Bc4 {[%clk
1:28:21]} Bxc4 {[%clk 0:53:54]} 22. Qxc4 {[%clk 1:28:43]} d5 {[%clk 0:53:51]}
23. Qe2 {[%clk 1:26:49]} Rb8 {[%clk 0:46:27]} 24. c3 {[%clk 1:24:29]} dxe4
{[%clk 0:46:41]} 25. fxe4 {[%clk 1:24:43]} Qg3+ {[%clk 0:42:01]} 26. Kf1 {[%clk
1:25:06]} Rab7 {[%clk 0:30:08]} 27. Rb1 {[%clk 1:24:52]} Rd7 {[%clk 0:30:36]}
28. Rh2 {[%clk 1:20:00]} Rbd8 {[%clk 0:25:49]} 29. Ra1 {[%clk 1:00:36]} Rd3
{[%clk 0:22:04]} 30. g5 {[%clk 0:58:53]} Re3 {[%clk 0:19:05]} 31. Qg2 {[%clk
0:58:33]} Qf4+ {[%clk 0:19:25]} 32. Kg1 {[%clk 0:58:42]} Rg3 {[%clk 0:19:50]}
33. Rf1 {[%clk 0:58:47]} Rxg2+ {[%clk 0:19:04]} 34. Rxg2 {[%clk 0:59:09]} Qxe4
{[%clk 0:19:27]} 35. a3 {[%clk 0:58:53]} Qe3+ {[%clk 0:19:13]} 36. Kh2 {[%clk
0:58:22]} Rd2 {[%clk 0:19:34]} 37. Rfg1 {[%clk 0:57:08]} Rd3 {[%clk 0:18:11]}
38. Rg3 {[%clk 0:57:29]} Qf2+ {[%clk 0:17:26]} 39. R1g2 {[%clk 0:57:54]} Qf4
{[%clk 0:17:52]} 40. Kh3 {[%clk 0:58:13]} c4 {[%clk 0:17:46]} 41. b4 {[%clk
0:57:37]} Rxg3+ {[%clk 0:18:02]} 42. Rxg3 {[%clk 0:58:00]} e5 {[%clk 0:18:20]}
43. a4 {[%clk 0:56:24]} e4 {[%clk 0:18:29]} 44. Kg2 {[%clk 0:56:00]} e3 {[%clk
0:18:45]} 45. Rf3 {[%clk 0:56:15]} Qe4 {[%clk 0:19:08]} 0-1